[Event "Azerbaijan Championship 2021"]
[Site "Nakhchivan"]
[Date "2021.05.14"]
[Round "11.5"]
[White "Muradli, Mahammad"]
[Black "Garayev, Kanan"]
[Result "1-0"]
[WhiteElo "2449"]
[BlackElo "2331"]
[Annotator "TA"]
[PlyCount "59"]
[EventDate "2021.05.04"]
[EventType "tourn"]
[EventCountry "AZE"]
[SourceTitle "playchess.com"]
[Source "ChessBase"]
[SourceQuality "1"]

{[%evp 12,59,37,1,23,-6,0,-27,-20,-9,-3,-18,38,33,29,32,123,120,91,96,109,96,79,0,59,-4,0,0,-8,-2,-1,-131,-131,-220,-213,-188,147,147,147,142,429,432,485,316,1031,1018,978,951,29992,29993]} 1. Nf3 Nf6 2. c4 g6 3. Nc3 d5 4. cxd5 Nxd5 5. Qb3 Nb6 6. d4 Bg7 7. e4 Bg4 {D90: Grünfeld: 4 Nf3 Bg7 sidelines.} 8. Bb5+ c6 9. Ng5 O-O {Black has an edge.} 10. Be2 Bxe2 11. Nxe2 h6 (11... Na6 $11) 12. Nf3 $14 Na6 13. Be3 {[#]} c5 $146 (13... Qd6 $14) ({Predecessor:} 13... Qd6 14. O-O Qb4 15. Qxb4 Nxb4 16. Rfc1 Rfd8 17. a3 Na6 18. Rc2 Nc8 19. Nd2 Nd6 {½-½ (75) Wojtaszek,R (2749)-Jumabayev,R (2611) Doha 2016}) 14. dxc5 $16 Nd7 15. Qa3 Qc8 {[%cal Ra6c5]} 16. Rc1 Qc6 17. Nd2 ({White should play} 17. O-O $16) 17... Qb5 (17... Rfc8 $11) 18. Nd4 (18. Nc3 $14 Qb4 19. Ke2) 18... Bxd4 $11 19. Bxd4 Nb4 {White must now prevent ...e5.} 20. Nc4 Nxc5 21. O-O {[#]} (21. Bxc5 $11 {was the only way to keep the balance.} Qxc5 22. O-O) 21... Ncd3 $1 $17 {aiming for ...Rfd8.} 22. Qb3 (22. Ne5 $17) 22... Nxc1 $19 23. Rxc1 Rfd8 $2 {[#]} (23... Rac8 $19 {...Rfd8 is the strong threat.} 24. a4 Qd7) 24. Ne5 $1 $16 {[%mdl 1024] White has strong compensation.} e6 {[#]} 25. Qf3 $1 $40 {[%cal Rf3f7][%mdl 128] White attacks with force.} f5 {[%mdl 8192] [#] Loses the game.} (25... Qe8 $16 26. Ng4 Rac8) 26. Qb3 $1 $18 Rd6 (26... Qe8 27. Qxb4) 27. a4 Qa6 ({Reject} 27... Qa5 $6 28. Bc3 $18) (27... Qe8) 28. Qxb4 Rad8 {[#]} 29. h3 $1 Qe2 (29... b5 30. axb5) 30. Qxb7 {Weighted Error Value: White=0.36/Black=0.82} 1-0

[Event "Azerbaijan Championship 2021"]
[Site "Nakhchivan"]
[Date "2021.05.14"]
[Round "11.6"]
[White "Gadimbayli, Abdulla"]
[Black "Abbasov, Farid"]
[Result "0-1"]
[WhiteElo "2470"]
[BlackElo "2528"]
[Annotator "ChessBase"]
[PlyCount "144"]
[EventDate "2021.05.04"]
[EventType "tourn"]
[EventCountry "AZE"]
[SourceTitle "playchess.com"]
[Source "ChessBase"]
[SourceQuality "1"]
[TimeControl "40/5400+30:1800+30"]

1. e4 {[%emt 0:00:00]} e6 {[%emt 0:00:00]} 2. d4 {[%emt 0:00:00]} d5 {[%emt 0:00:00]} 3. exd5 {[%emt 0:00:01]} exd5 {[%emt 0:00:02]} 4. Nf3 {[%emt 0:00:05]} Nc6 {[%emt 0:01:43]} 5. Nc3 {[%emt 0:00:45]} Bb4 {[%emt 0:00:41]} 6. Bd3 {[%emt 0:01:13]} Bg4 {[%emt 0:00:45]} 7. O-O {[%emt 0:27:30]} Nge7 {[%emt 0:00:38]} 8. Be3 {[%emt 0:07:44]} Qd7 {[%emt 0:02:47]} 9. a3 {[%emt 0:06:25]} Bd6 {[%emt 0:07:37]} 10. Nb5 {[%emt 0:04:28]} h6 {[%emt 0:01:31]} 11. Re1 {[%emt 0:05:47]} O-O {[%emt 0:00:22]} 12. h3 {[%emt 0:00:14]} Bh5 {[%emt 0:01:59]} 13. Nxd6 {[%emt 0:02:48]} Qxd6 {[%emt 0:00:15]} 14. g4 {[%emt 0:05:54]} Bg6 {[%emt 0:08:40]} 15. Ne5 {[%emt 0:00:10]} Bxd3 {[%emt 0:04:40]} 16. Qxd3 {[%emt 0:09:54]} f5 {[%emt 0:06:39]} 17. f4 {[%emt 0:19:42]} Nxe5 {[%emt 0:13:20]} 18. dxe5 {[%emt 0:02:42]} Qe6 {[%emt 0:00:06]} 19. Bc5 {[%emt 0:01:51]} fxg4 {[%emt 0:02:56]} 20. Bxe7 {[%emt 0:01:38]} Qxe7 {[%emt 0:00:01]} 21. Qxd5+ {[%emt 0:00:53]} Kh8 {[%emt 0:00:02]} 22. Qe4 {[%emt 0:00:40]} gxh3 {[%emt 0:02:33]} 23. Re3 {[%emt 0:00:31]} Qe6 {[%emt 0:11:33]} 24. Rf1 {[%emt 0:00:28]} Qg4+ {[%emt 0:07:23]} 25. Kh2 {[%emt 0:00:28]} Rad8 {[%emt 0:00:35]} 26. Rf2 {[%emt 0:00:23]} Rd1 {[%emt 0:02:38]} 27. Rg3 {[%emt 0:00:01]} Qf5 {[%emt 0:04:09]} 28. Qxf5 {[%emt 0:00:45]} Rxf5 {[%emt 0:00:05]} 29. Rxh3 {[%emt 0:00:56]} Kg8 {[%emt 0:00:34]} 30. Rc3 {[%emt 0:00:25]} Rd7 {[%emt 0:01:35]} 31. Kg3 {[%emt 0:00:33]} Kf7 {[%emt 0:00:14]} 32. Rff3 {[%emt 0:00:32]} Ke6 {[%emt 0:00:44]} 33. Rc4 {[%emt 0:00:25]} g5 {[%emt 0:02:02]} 34. fxg5 {[%emt 0:00:37]} Rxg5+ {[%emt 0:00:15]} 35. Kh4 {[%emt 0:00:29]} Kxe5 {[%emt 0:03:16]} 36. Re3+ {[%emt 0:00:23]} Kf6 {[%emt 0:03:34]} 37. Rce4 {[%emt 0:00:01]} Rf7 {[%emt 0:00:18]} 38. Rf3+ {[%emt 0:01:03]} Kg7 {[%emt 0:00:13]} 39. Ref4 {[%emt 0:00:18]} Rxf4+ {[%emt 0:00:58]} 40. Rxf4 {[%emt 0:00:00]} Rc5 {[%emt 0:00:00]} 41. c3 {[%emt 0:04:17]} Kg6 {[%emt 0:04:00]} 42. Rf8 {[%emt 0:03:01]} Rc4+ {[%emt 0:03:01]} 43. Kg3 {[%emt 0:00:21]} a5 {[%emt 0:00:29]} 44. Kf3 {[%emt 0:01:11]} a4 {[%emt 0:00:21]} 45. Rb8 {[%emt 0:01:25]} b6 {[%emt 0:00:11]} 46. Rg8+ {[%emt 0:01:20]} Kf7 {[%emt 0:00:22]} 47. Rh8 {[%emt 0:00:19]} Kg7 {[%emt 0:00:06]} 48. Re8 {[%emt 0:00:24]} h5 {[%emt 0:00:13]} 49. Re6 {[%emt 0:00:58]} Kf7 {[%emt 0:00:57]} 50. Rh6 {[%emt 0:03:08]} Rc5 {[%emt 0:00:20]} 51. Rh8 {[%emt 0:01:36]} Kg7 {[%emt 0:00:40]} 52. Ra8 {[%emt 0:00:07]} Rc4 {[%emt 0:01:08]} 53. Rd8 {[%emt 0:00:38]} Kf6 {[%emt 0:00:30]} 54. Rd5 {[%emt 0:01:51]} Kg6 {[%emt 0:00:28]} 55. Re5 {[%emt 0:00:46]} Rc5 {[%emt 0:05:43]} 56. Re7 {[%emt 0:10:19]} Kg5 {[%emt 0:00:52]} 57. Kg3 {[%emt 0:02:13]} Kf6 {[%emt 0:01:24]} 58. Re4 {[%emt 0:01:50]} b5 {[%emt 0:00:16]} 59. Re8 {[%emt 0:00:52]} Rc4 {[%emt 0:01:58]} 60. Rh8 {[%emt 0:01:05]} Rg4+ {[%emt 0:01:50]} 61. Kf3 {[%emt 0:00:24]} Kg5 {[%emt 0:00:30]} 62. Rc8 {[%emt 0:03:06]} Rf4+ {[%emt 0:00:29]} 63. Kg2 {[%emt 0:00:13]} Rc4 {[%emt 0:00:12]} 64. Rf8 {[%emt 0:01:09]} Kg4 {[%emt 0:00:08]} 65. Rf7 {[%emt 0:00:24]} Rc5 {[%emt 0:01:03]} 66. Rf6 {[%emt 0:00:12]} Rd5 {[%emt 0:00:25]} 67. Rf2 {[%emt 0:00:59]} Rd3 {[%emt 0:00:35]} 68. Rc2 {[%emt 0:00:21]} c6 {[%emt 0:00:34]} 69. Re2 {[%emt 0:00:36]} Kf5 {[%emt 0:00:45]} 70. Kh2 {[%emt 0:00:25]} c5 {[%emt 0:00:53]} 71. Kg2 {[%emt 0:00:09]} c4 {[%emt 0:00:25]} 72. Kh2 {[%emt 0:00:33]} h4 {[%emt 0:00:13]} 0-1